Cm̤o desempeąrse en la audiencia de debate del juicio oral Tomo VIII

Detalles Bibliográficos
Autor principal: Campoli, Gabriel Andrš
Formato: eBook
Lenguaje:español
Publicado: [S.l.] : Gabriel Andrš Campoli, 2013
Materias:
Acceso en línea:Acceso restringido

MARC

LEADER 00000nam a22000007a 4500
005 20130917173528.0
007 cr|||| ||||
008 130917s2013 mx |||||s|||| 00||0 spa d
035 |a 11505 
040 |a vLex 
090 |c 4502  |d 4502 
100 1 |a Campoli, Gabriel Andrš 
245 1 0 |a Cm̤o desempeąrse en la audiencia de debate del juicio oral  |h [Recurso electrn̤ico] /  |c Gabriel Andrš Campoli   |p Tomo VIII 
256 |a Servicio en ln̕ea 
260 |a [S.l.] :  |b Gabriel Andrš Campoli,  |c 2013 
300 |a 1 recurso electrn̤ico 
506 1 |a Contenido solo disponible en los productos indicados  |d vLex Global  |d vLex Global (Academic Edition, excluding Law Schools)  |d vLex Global (U.S. Academic Edition, Law Schools)  |d vLex Global (U.S. Academic Edition, excluding Law Schools)  |d vLex Global (Academic Edition, Law Schools) 
650 0 4 |a Juicio Oral  |z Mx̌ico 
740 0 |a vLex Libros (Servicio en ln̕ea) 
856 4 0 |u http://vlex.com/source/como-desempe-arse-audiencia-debate-juicio-oral-11505  |z Acceso restringido 
942 |c BOOK 
999 0 |a Oral pleading